000 00658nam a2200229Ia 4500
003 OSt
005 20220918225043.0
006 a|||||r|||| 00| 0
007 ta
008 220917b |||||||| |||| 00| 0 eng d
024 _a236,378
037 _cTextual
040 _aARTS
_cARTS
_beng
041 _2eng
_aeng
082 _aO111944, P0
100 _aMcLeod A L Ed.
_9149584
245 0 _aLiterature of the Indian diaspora
_b Essays in criticism
260 _aNew Delhi
_bSterling Publishers Private Limited India
_c2000
650 _aENGLISH LITERATURE
942 _hO111944, P0
_cTEXL
_2CC
999 _c283273
_d283273